Morgenthau diary(China): United states 89th congress (Record no. 1319414)
[ view plain ]
| 000 -LEADER | |
|---|---|
| fixed length control field | 00757nam a2200217Ia 4500 |
| 005 - DATE AND TIME OF LATEST TRANSACTION | |
| control field | 20250507130404.0 |
| 008 - FIXED-LENGTH DATA ELEMENTS--GENERAL INFORMATION | |
| fixed length control field | 008 250505s9999 xx 000 0 chi d |
| 020 ## - INTERNATIONAL STANDARD BOOK NUMBER | |
| International Standard Book Number | 0306793327 |
| 037 ## - SOURCE OF ACQUISITION | |
| Stock number | Annuals, Advances |
| 040 ## - CATALOGING SOURCE | |
| Original cataloging agency | EASL |
| Language of cataloging | eng |
| Transcribing agency | EASL |
| 041 ## - LANGUAGE CODE | |
| Language code of text/sound track or separate title | chi |
| Source of code | eng |
| 084 ## - COLON CLASSIFICATION NUMBER | |
| Classification number | V41:1973.N54, L4.1-2 |
| Assigning agency | EASL |
| 100 ## - MAIN ENTRY--PERSONAL NAME | |
| Personal name | Morgenthau H |
| 245 #0 - TITLE STATEMENT | |
| Title | Morgenthau diary(China): United states 89th congress |
| 260 ## - PUBLICATION, DISTRIBUTION, ETC. | |
| Place of publication, distribution, etc. | USA |
| Name of publisher, distributor, etc. | New York Da Capo Press |
| Date of publication, distribution, etc. | 1974 |
| 300 ## - PHYSICAL DESCRIPTION | |
| Extent | xxviii,1-862 |
| 490 ## - SERIES STATEMENT | |
| Series statement | Franklin D. Roosevelt and era of new deal |
| Volume/sequential designation | 1 |
| 546 ## - LANGUAGE NOTE | |
| Language note | United states foregin relations China, United States congress senate committee judiciary |
| 942 ## - ADDED ENTRY ELEMENTS (KOHA) | |
| Koha item type | Textual |
| Classification part | V41:1973.N54, L4.1-2 |
No items available.
